Integrating research into practice : a model for effective social work

Αποθηκεύτηκε σε:
Λεπτομέρειες βιβλιογραφικής εγγραφής
Κύριος συγγραφέας: Bisman, Cynthia
Άλλοι συγγραφείς: Hardcastle, David A.
Μορφή: Βιβλίο
Γλώσσα:English
Δημοσίευση: Belmont : Brooks/Cole/ Wadsworth, c1999
Θέματα:
Ετικέτες: Προσθήκη ετικέτας
Δεν υπάρχουν, Καταχωρήστε ετικέτα πρώτοι!

MARC

LEADER 00000nam a2200000 i 4500
001 1/102094
008 000222s1999 eng d
020 |a 0-534-36215-x 
035 |l 10057944 
040 |a GR-MY-UA  |b gre  |e aacr 
041 0 |a eng 
082 0 |a 361 
100 1 |a Bisman, Cynthia. 
245 1 0 |a Integrating research into practice :  |b a model for effective social work /  |c Cynthia D. Bisman, David A. Hardcastle 
260 |a Belmont :   |b Brooks/Cole/ Wadsworth,   |c c1999 
300 |a 264 p. 
504 |a Includes bibliographical references and index 
650 0 0 |a Social service. 
650 0 0 |a Social service  |x Research  |x Methodology. 
700 1 |a Hardcastle, David A. 
852 |a INST  |b LESVOS  |e 20000222  |h 361 BIS  |p 005100021488  |q 005100021488  |t BK  |y 4  |x 20000316 
901 |a BIBL1-2000-1 
909 |a Λ  |b 075488 
920 |a ΕΡΓΑΣΤΗΡΙΟ ΠΟΛΙΤΙΣΜΙΚΗΣ ΕΠΙΚΟΙΝΩΝΙΑΣ ΚΑΙ ΤΕΚΜΗΡΙΩΣΗΣ  |y ΛΕΣΒΟΣ  |z 2000-02 
970 |a ΤΖΑΦΕΡΗ  |b ΕΥΑΓΓΕΛΙΑ  |z 2000/02/22